=LDR 00000nam 2200000 4500 =001 INLIS000000000038883 =005 20150415122426.0 =006 =007 =008 ind =035 ##$$0010-061300000038883 =041 ##$$a ind =082 ##$$a 813 =090 ##$$a 813, Dea m =100 ##$$a DEAVER, Jeffery =245 ##$$a A Maidem,s grave, Lagu untuk gang perawan, Jeffery Deaver;Alih bahas, Sandra b tanuwijaya =260 ##$$a 2010 $b Jakarta =300 ##$$a 632 Hlm, 20 cm =650 ##$$a FIKSI =850 ##$$a NBPNMAT =990 ##$$a 0001/BPAP-NTB/20142014 =990 ##$$a 0001/BPAP-NTB/20142015